| 000 | 00905cam a2200301 i 4500 | ||
|---|---|---|---|
| 001 | 200468110 | ||
| 003 | TR-AnTOB | ||
| 005 | 20260414144952.0 | ||
| 007 | ta | ||
| 008 | 840608s1962 nyu 000 0 eng d | ||
| 040 |
_aDLC _beng _erda _cCarP _dDLC _dTR-AnTOB |
||
| 041 | 1 |
_aeng _hrus |
|
| 050 | 0 | 0 |
_aPG3332 _b.T313 1962 |
| 090 |
_aPG3332 _b.T313 1962 |
||
| 100 | 1 |
_aGogolʹ, Nikolaĭ Vasilʹevich, _d1809-1852 _eauthor _9116948 |
|
| 245 | 1 | 0 |
_aTaras Bulba / _cNicolai Gogol; translated by Bernard Farbar. |
| 246 | _aTaras Bulʹba. | ||
| 264 | 1 |
_aNew York: _bLancer Books, _c1962. |
|
| 300 |
_a125 pages; _c20 cm. |
||
| 336 |
_atext _btxt _2rdacontent |
||
| 337 |
_aunmediated _bn _2rdamedia |
||
| 338 |
_avolume _bnc _2rdacarrier |
||
| 650 | 0 |
_aRus romanı _916149 |
|
| 650 | 0 |
_aSavaş _vRoman _988632 |
|
| 700 | 1 |
_aFarbar, Bernard _etranslator _9153658 |
|
| 942 |
_2lcc _cBK |
||
| 999 |
_c200468110 _d86322 |
||